000 00819nam a2200265Ia 4500
003 OSt
005 20220930185505.0
006 a|||||r|||| 00| 0
007 ta
008 220926b |||||||| |||| 00| 0 eng d
020 _a9788183250665 (hbk)
_c850
024 _a1187
037 _b572, 30/01/2009, Eastern Book Linkers
_cTextbook
040 _aCRL
_cCRL
_beng
041 _2eng
_aeng
082 _a2:(D65,8(B), P8
100 _aNigam B.S. Ed.
_9451715
245 0 _aDigital libraries
260 _aNew Delhi
_bMahamaya Publishing House India
_c2008
300 _axix, 298p.
_ccm.
650 _aLIBRARY SCIENCE
700 _a Kataria Sanjay Ed.
942 _h2:(D65,8(B), P8
_cTB
_2CC
999 _c890354
_d890354